000 03210nam a22003974a 4500
001 ebr10296350
003 CaPaEBR
006 m u
007 cr cn|||||||||
008 080814s2009 njuaf sb 001 0 eng
010 _z 2008036264
016 7 _z101481529
_2DNLM
020 _z9780470225554 (cloth)
020 _z0470225556 (cloth)
040 _aCaPaEBR
_cCaPaEBR
035 _a(OCoLC)647763279
050 1 4 _aRS192
_b.D82 2009eb
082 0 4 _a615/.19
_222
245 0 0 _aDrug efficacy, safety, and biologics discovery
_h[electronic resource] :
_bemerging technologies and tools /
_c[edited by] Sean Ekins, Jinghai J. Xu.
260 _aHoboken, N.J. :
_bJohn Wiley & Sons,
_cc2009.
300 _axvi, 408 p., [16] p. of plates :
_bill. (some col.).
490 1 _aWiley series on technologies for the pharmaceutical industry
504 _aIncludes bibliographical references and index.
505 0 _aFocus on the fundamentals : toward better therapeutic index prediction / Jinghai J. Xu and Li J. Yu -- High-throughput protein-based technologies and computational models for drug development, efficacy, and toxicity / Leonidas G. Alexopoulos, Julio Saez Rodriguez, and Christopher W. Espelin -- Cellular systems biology applied to preclinical safety testing : a case study of CellCiphr profiling / Lawrence Vernetti ... [et al.] -- Systems pharmacology, biomarkers, and biomolecular networks / Aram S. Adourian ... [et al.] -- Zebrafish models for human diseases and drug discovery / Hanbing Zhong, Ning-Ai Liu, and Shuo Lin -- Toxicity pathways and models : mining for potential side effects / Sean Ekins and Josef Scheiber -- Computational systems biology modeling of dosimetry and cellular response pathways / Qiang Zhang ... [et al.] --
505 0 _aStem cell technology for embryotoxicity, cardiotoxicity, and hepatotoxicity evaluation / Julio C. Davila ... [et al.] -- Telemetry technology for preclinical drug discovery and development / Yi Yang --Nanotechnology to improve oral drug delivery / Mayank D. Bhavsar, Shardool Jain, and Mansoor M. Amiji -- Functional glycomics and the future of glycomic drugs / Ram Sasisekharan and Karthik Viswanathan -- Modeling efficacy and safety of engineered biologics / Jeffrey R. Chabot and Bruce Gomes -- Regulation of gene expression by small, non-coding RNAS : practical applications / Roman Herrara and Eric Tien -- Future perspectives of biological engineering in pharmaceutical research : the paradigm of modeling, mining, manipulation, and measurements / Jinghai J. Xu ... [et al.].
533 _aElectronic reproduction.
_bPalo Alto, Calif. :
_cebrary,
_d2013.
_nAvailable via World Wide Web.
_nAccess may be limited to ebrary affiliated libraries.
650 0 _aDrug development
_xTechnological innovations.
650 0 _aPharmaceutical technology.
650 0 _aBiological products.
655 7 _aElectronic books.
_2local
700 1 _aEkins, Sean.
700 1 _aXu, Jinghai J.
710 2 _aebrary, Inc.
830 0 _aWiley series on technologies for the pharmaceutical industry.
856 4 0 _uhttp://site.ebrary.com/lib/rucke/Doc?id=10296350
_zAn electronic book accessible through the World Wide Web; click to view
999 _c77311
_d77311